00842nam a22002417a 450000500170000000800410001701000140005802000230007202000260009503500130012103700150013404000180014908200170016710000260018424501260021026000410033627000480037730000260042565000410045165000500049270000240054270000340056620090501112837.0090501t xxu||||| |||| 00| 0 eng d aENG-93361 c850.00a8189886223 c850.00a9788189886226 aEN-76894 bDBAD / PUB adplbEnglish  a303.48330954 aGupta, Debabrata Das  aDevelopment communication in rural sector /cby Debabrata Das Gupta, Sarthak Choudhury [and] Siddhartha Dev Mukhopadhyay  aDelhi bAbhijeet Publications c2007 a2/46 Tukhmeerpur Extension bDelhi e110094 ax, 286p. c23cm (Hb)  aCommunicationxSocial aspectszIndia aInformation technologyxSocial aspectszIndia aChoudhury, Sarthak  aMukhopadhyay, Siddhartha Dev